Library of the University of Algiers 3
Ibrahim Sultan Cheibout
شعار جامعة الجزائر 3
مكتبة جامعة الجزائر 3
إبراهيم سلطان شيبوط

تطور الفكر الاقتصادي : (رقم التسجيلة. 43726)

تفاصيل مارك
000 -LEADER
fixed length control field 01620nam a2200229Ia 4500
003 - CONTROL NUMBER IDENTIFIER
control field Ost
005 - DATE AND TIME OF LATEST TRANSACTION
control field 20260507075255.0
008 - FIXED-LENGTH DATA ELEMENTS--GENERAL INFORMATION
fixed length control field 260507s9999||||xx |||||||||||||| ||und||
020 ## - INTERNATIONAL STANDARD BOOK NUMBER
International Standard Book Number 71355799539
040 ## - CATALOGING SOURCE
Transcribing agency fsecg
041 ## - LANGUAGE CODE
Language code of text/sound track or separate title ara
082 ## - DEWEY DECIMAL CLASSIFICATION NUMBER
Classification number 330
100 ## - MAIN ENTRY--PERSONAL NAME
Personal name ملاك، وسام
Relator term مؤلف
245 #0 - TITLE STATEMENT
Title تطور الفكر الاقتصادي :
Remainder of title من المركنتيلية الى الكلاسيكية /
Statement of responsibility, etc. وسام ملاك
260 ## - PUBLICATION, DISTRIBUTION, ETC.
Place of publication, distribution, etc. بيروت:
Name of publisher, distributor, etc. دار المنهل اللبناني,
Date of publication, distribution, etc. 2011
300 ## - PHYSICAL DESCRIPTION
Extent 303 صفحة؛
Other physical details إيضاحات ؛
Dimensions 24 سم
520 ## - SUMMARY, ETC.
Summary, etc. 1) المركنتيلية في أوروبا : المركنتيلية الفرنسية ، المركنتيلية في بريطانيا و المرتكزات النظرية للمركنتيلية و الثغرات الأهم التي اعترتها 2) الفيزيوقراطية أحد فروع المدرسة الكلاسيكية الفرنسية : أعلام الفيزيوقراطية الأوسع شهرة ، التحليل الأوسع للفيزيوقراطية 3) المدرسة الكلاسيكية : آدم سميث واضع الركائز الأساس للنظرية الكلاسيكية ، نظرية السكان و المردودات المتناقصة و الريع و التفاضلي و الأزمات عند malthus الإسهام الكلاسيكي من خلال ما يعرف بنظام RICARDO قانون SAY و النظرية الكلاسيكية حول النقد .
653 ## - INDEX TERM--UNCONTROLLED
Uncontrolled term الاقتصاد
653 ## - INDEX TERM--UNCONTROLLED
Uncontrolled term الإقتصاد الكلاسيكي
653 ## - INDEX TERM--UNCONTROLLED
Uncontrolled term الفكر الإقتصادي
942 ## - ADDED ENTRY ELEMENTS (KOHA)
Koha item type كتب
المقتنيات
Withdrawn status Lost status Source of classification or shelving scheme Damaged status Not for loan Home library Current library Date acquired Serial enumeration / chronology Inventory number Total checkouts Full call number Barcode Date last seen Price effective from Koha item type
    Dewey Decimal Classification   NOT LOAN / إعارة داخلية مكتبة كلية العلوم الإقتصادية والعلوم التجارية وعلوم التسيير مكتبة كلية العلوم الإقتصادية والعلوم التجارية وعلوم التسيير 07/05/2026 الطابق الأرضي 18107   أ/3733ج1ن1 18107 07/05/2026 07/05/2026 كتب
    Dewey Decimal Classification   Available مكتبة كلية العلوم الإقتصادية والعلوم التجارية وعلوم التسيير مكتبة كلية العلوم الإقتصادية والعلوم التجارية وعلوم التسيير 07/05/2026 الطابق الأرضي 18108   أ/3733ج1ن2 18108 07/05/2026 07/05/2026 كتب
    Dewey Decimal Classification   Available مكتبة كلية العلوم الإقتصادية والعلوم التجارية وعلوم التسيير مكتبة كلية العلوم الإقتصادية والعلوم التجارية وعلوم التسيير 07/05/2026 الطابق الثاني 18109   أ/3733ج1ن3 18109 07/05/2026 07/05/2026 كتب
    Dewey Decimal Classification   Available مكتبة كلية العلوم الإقتصادية والعلوم التجارية وعلوم التسيير مكتبة كلية العلوم الإقتصادية والعلوم التجارية وعلوم التسيير 07/05/2026 الطابق الثاني 18110   أ/3733ج1ن4 18110 07/05/2026 07/05/2026 كتب
    Dewey Decimal Classification   Available مكتبة كلية العلوم الإقتصادية والعلوم التجارية وعلوم التسيير مكتبة كلية العلوم الإقتصادية والعلوم التجارية وعلوم التسيير 07/05/2026 مكتبة بن عكنون 18111   أ/3733ج1ن5 18111 07/05/2026 07/05/2026 كتب

موارد الويب المفتوحة


© University of Algiers 3 All Rights Reserved
|
Implemented by LECHELAH Riad